Die 20 größten Städten in slawischen Ländern - Statistiken

Allgemein
  • Dieses Quiz wurde 220 mal gespielt
    178 seit der letzten Aktualisierung
  • Das Durchschnittsergebnis liegt bei 11 aus 20
Antwortstatistiken
# Einwohner Stadt Land % Korrekt
1 12.480.481 Moskau Russland
97%
2 5.398.064 St. Petersburg Russland
93%
3 2.967.360 Kiew Ukraine
90%
5 1.790.658 Warschau Polen
90%
8 1.324.277 Prag Tschechien
84%
4 2.020.600 Minsk Belarus
80%
7 1.344.844 Belgrad Serbien
77%
11 1.242.568 Sofia Bulgarien
67%
17 1.017.699 Odessa Ukraine
52%
6 1.443.207 Charkiw Ukraine
46%
18 1.008.998 Wolgograd Russland
46%
9 1.257.391 Kasan Russland
42%
10 1.252.236 Nischni Nowgorod Russland
41%
13 1.137.904 Rostow am Don Russland
36%
16 1.055.397 Perm Russland
31%
14 1.128.787 Ufa Russland
28%
12 1.156.659 Samara Russland
25%
19 990.724 Dnipro Ukraine
24%
20 932.629 Krasnodar Russland
22%
15 1.058.261 Woronesch Russland
18%
Keine übereinstimmenden Quizze gefunden
Verteilung der Resultate
Anzahl Personen mit jedem Resultat
Perzentil nach korrekt beantworteten Fragen
Ihre Resultats-Entwicklung
Sie haben dieses Quiz seit der letzten Aktualisierung nicht gespielt